<?xml version="1.0" encoding="UTF-8"?>
<record
    xmlns:xsi="http://www.w3.org/2001/XMLSchema-instance"
    xsi:schemaLocation="http://www.loc.gov/MARC21/slim http://www.loc.gov/standards/marcxml/schema/MARC21slim.xsd"
    xmlns="http://www.loc.gov/MARC21/slim">

  <leader>01035nam a2200229Ia 4500</leader>
  <datafield tag="952" ind1=" " ind2=" ">
    <subfield code="0">0</subfield>
    <subfield code="1">0</subfield>
    <subfield code="4">0</subfield>
    <subfield code="7">0</subfield>
    <subfield code="a">03</subfield>
    <subfield code="b">03</subfield>
    <subfield code="d">2014-11-08</subfield>
    <subfield code="l">3</subfield>
    <subfield code="o">QM31 G37 2005</subfield>
    <subfield code="p">03 000441</subfield>
    <subfield code="r">2019-11-25</subfield>
    <subfield code="s">2019-11-23</subfield>
    <subfield code="t">1</subfield>
    <subfield code="w">2014-11-08</subfield>
    <subfield code="y">LB</subfield>
  </datafield>
  <datafield tag="952" ind1=" " ind2=" ">
    <subfield code="0">0</subfield>
    <subfield code="1">0</subfield>
    <subfield code="2">lcc</subfield>
    <subfield code="4">0</subfield>
    <subfield code="7">0</subfield>
    <subfield code="a">13</subfield>
    <subfield code="b">13</subfield>
    <subfield code="d">2016-11-15</subfield>
    <subfield code="l">12</subfield>
    <subfield code="m">1</subfield>
    <subfield code="o">QM31 G37 2005</subfield>
    <subfield code="p">13 004427</subfield>
    <subfield code="r">2022-10-04</subfield>
    <subfield code="s">2022-09-30</subfield>
    <subfield code="t">1</subfield>
    <subfield code="w">2016-11-15</subfield>
    <subfield code="y">LB</subfield>
  </datafield>
  <datafield tag="999" ind1=" " ind2=" ">
    <subfield code="c">94984</subfield>
    <subfield code="d">94984</subfield>
  </datafield>
  <controlfield tag="008">121028s2005    mx a          000 0 spa d</controlfield>
  <datafield tag="020" ind1=" " ind2=" ">
    <subfield code="a">9788448605223</subfield>
  </datafield>
  <datafield tag="050" ind1=" " ind2=" ">
    <subfield code="a">QM31</subfield>
    <subfield code="b">G37 2005</subfield>
  </datafield>
  <datafield tag="100" ind1="1" ind2="0">
    <subfield code="a">Garc&#xED;a Porrero, Juan A.</subfield>
    <subfield code="e">autor</subfield>
  </datafield>
  <datafield tag="245" ind1="1" ind2="0">
    <subfield code="a">Anatom&#xED;a Humana </subfield>
    <subfield code="c"> / Juan A. Garc&#xED;a-Porrero, Juan M. Hurl&#xE9;</subfield>
  </datafield>
  <datafield tag="260" ind1=" " ind2=" ">
    <subfield code="a">M&#xE9;xico </subfield>
    <subfield code="b"> : McGrawHill</subfield>
    <subfield code="c">, 2005</subfield>
  </datafield>
  <datafield tag="300" ind1=" " ind2=" ">
    <subfield code="a">xvi, 991p&#xE1;ginas</subfield>
    <subfield code="b"> : ilustraciones</subfield>
  </datafield>
  <datafield tag="336" ind1=" " ind2=" ">
    <subfield code="a">texto</subfield>
  </datafield>
  <datafield tag="337" ind1=" " ind2=" ">
    <subfield code="a">sin medio</subfield>
  </datafield>
  <datafield tag="338" ind1=" " ind2=" ">
    <subfield code="a">volumen</subfield>
  </datafield>
  <datafield tag="505" ind1=" " ind2=" ">
    <subfield code="a">Introducci&#xF3;n a la anatom&#xED;a
Piel y anejos cut&#xE1;neos  
Aparato locomotor
Aparato digestivo
Aparato respiratorio
Aparato urinario
Aparato reproductor
Sistema inmunitario
Sistema endocrino
Aparato circulatorio
Sistema Nervioso periferico
&#xD3;rganos de los sentidos
S&#xED;ntesis topogr&#xE1;fica
</subfield>
  </datafield>
  <datafield tag="519" ind1=" " ind2=" ">
    <subfield code="a">Plan Flexible /
</subfield>
    <subfield code="b">Criminalistica /</subfield>
    <subfield code="c">Antropolog&#xED;a Forense (P23-3) /</subfield>
    <subfield code="d">(03 000441)</subfield>
  </datafield>
  <datafield tag="519" ind1=" " ind2=" ">
    <subfield code="a">Plan Flexible / </subfield>
    <subfield code="b">Nutrici&#xF3;n / </subfield>
    <subfield code="c">Anatom&#xED;a (B04) / </subfield>
    <subfield code="d">(13 004427)</subfield>
  </datafield>
  <datafield tag="650" ind1="1" ind2="0">
    <subfield code="a">ANATOMIA HUMANA</subfield>
  </datafield>
  <datafield tag="700" ind1=" " ind2=" ">
    <subfield code="a">Hurl&#xE9;, Juan M.</subfield>
    <subfield code="d">autor</subfield>
  </datafield>
  <datafield tag="942" ind1=" " ind2=" ">
    <subfield code="c">LB</subfield>
  </datafield>
</record>
